000 00585nam a22002057a 4500
005 20220718145254.0
008 220718b ||||| |||| 00| 0 eng d
040 _cAL
041 _aEnglish
082 _223
_a954.2
_bSENG
100 _aGautam Sen
_950753
245 _aGeneral B C Joshi Memorial Lectures on National Security
260 _aPune
_bUniversity of Pune Press
_c2006
300 _a95 p.
_bPB
_c22x13 cm.
650 _aIndia-Renaissance 2000
_950754
650 _aKashmir
_950755
650 _aIndian Nation
_950756
700 _aSEN (Gautam)
_950757
942 _2ddc
_cGF
999 _c223920
_d223920